00377nam a2200109Ia 4500008004100000245012900041260004900170260000900219300001000228500001300238650001600251170224s9999 xx 000 0 und d aIncome inequality is associated with stronger social comparison effects: The effect of relative income on life satisfaction. bJournal of Personality and Social Psychology c2016 a110:2 aFebruary xPsychology.